000 00698nam a22002417a 4500
001 1845
003 CO-MdFUSB
005 20190202100313.0
008 170512t1999 xxu||||| |||| 00| 0 s d
020 _a0-8297-3192-X
040 _aCO-MdFUSB
_bspa
_cCO-MdFUSB
_dCO-MdFUSBC
_erda
041 0 _aspa
082 0 4 _aG 220.546 S67847b
245 1 0 _aBiblia paralela
_b : Reina-Valera 1960 - Nueva Versión Internacional
_c / Sociedad Bíblica Internacional
264 4 _aMiami, FL., USA :
_bVida,
_c©1999
300 _a1596 Pag
336 _2rdacontent
_a1
_ba1
337 _2rdamedia
_a2
_b5
338 _2rdacarrier
_a2
_b5
650 0 _aBiblia
_916
653 _aVersiones de la Biblia
942 _cBK
999 _c32997
_d32997